Assist Kings of the Decade - Statistics

General Stats
  • This quiz has been taken 81 times
  • The average score is 14 of 20
Answer Stats
Answer % Correct
Lionel Messi
100%
Luis Suárez
94%
Gareth Bale
92%
Cristiano Ronaldo
91%
Eden Hazard
91%
Kevin De Bruyne
91%
Ángel Di Maria
88%
Thomas Müller
86%
Christian Eriksen
83%
Mesut Özil
77%
Toni Kroos
71%
Karim Benzema
70%
David Silva
61%
Hakim Ziyech
58%
Cesc Fàbregas
53%
Dries Mertens
50%
Franck Ribéry
47%
Dusan Tadić
39%
Juan Mata
26%
Dimitri Payet
23%
No matching quizzes found
Score Distribution
Percent of People with Each Score
Percentile by Number Answered
Your Score History
You have not taken this quiz